Multimedia information networking

Bibliographic Details
Main Author: Sharda, Nalin K. (Author)
Format: Book
Published: Upper Saddle River, N.J. : Prentice Hall , c1999
Subjects:

MARC

LEADER 00000cam a2200000 7i4500
001 0000005374
005 20040104093000.0
008 021118s1999
020 |a 0132587734 ,   |c (alk. paper) 
090 0 0 |a QA76.575   |b .S543 1999 
100 0 |a Sharda, Nalin K. ,   |e author 
245 1 0 |a Multimedia information networking   |c Nalin K. Sharda 
260 2 |a Upper Saddle River, N.J. :   |b Prentice Hall ,   |c c1999 
300 |a xvi, 480 p. :   |b ill. ;   |c 25 cm. 
504 |a Includes bibliographical references (p. 467-468) and index 
650 0 |a Internet (Computer network) 
650 0 |a Multimedia systems 
999 |a 1000081726   |b Book   |c OPEN SHELF (30 DAYS)   |e Tembila Campus